Регионална библиотека "Любен Каравелов" - Русе

Насаме със себе си през годините (Запис номер 137278)

MARC детайли
000 -Лидер
Контролно поле с фиксирана дължина 01373nam a2200337 c 4500
003 - Код на организацията, давaща контролен номер
Контролно поле BLK
005 - Дата и час на последна редакция
Контролно поле 20220228112851.0
008 - Елементи от данни с фиксирана дължина
fixed length control field 180409b bul|||||r ||||||| ||bul||
010 ## - Наследен системен номер
LC control number KNG00143244000
020 ## - Международен стандартен номер на книга ISBN
Международен стандартен номер на книга ISBN 978-954-337-183-9
040 ## - Източник на каталожния запис
Идентификатор на билиотеката - собственик на записа BLK
041 ## - Код за език
Код за езика на текст/звукозапис или на отделно заглавие Български
Код за езика КДБФ Български
072 #7 - Код за тематичната категория
Код организация bullib
Код за тематична категория Н84
Текст Българска художествена литература Н
072 #7 - Код за тематичната категория
Код организация bullib
Код за тематична категория К
Текст Краезнание
072 #7 - Код за тематичната категория
Код организация bullib
Код за тематична категория РА
Текст Русенски автори
080 ## - УДК
Текстов определител УДК Българска литература
УДК код - определител по УДК 821.163.2
УДК определител -8
УДК - код + определител 821.163.2-8
100 1# - Редна дума - Автор
Автор Трифонов, Трифон Спасов
Авторска отговорност първи автор
R(LIN) 296868
139 ## - Редно поле
Редна дума Трифонов, Трифон Спасов
Авторски знак Триф - Т 84
245 10 - Сведения за заглавието
Заглавие Насаме със себе си през годините
Подзаглавни данни В ритъм и в проза
Редно поле (дума) Трифон Спасов Трифонов.
257 ## - Страна на издаване
Страна на създаване/издаване България
260 ## - Област на издателските данни
Име на издателя, разпространителя и проч. Авангард принт
Година на издаване 2013
Печатница Русе : Студио Колор
300 ## - Физическа характеристика
Страници 59 с.
Размери/Мащаб 20 см
380 ## - Жанр
Жанр Худож. лит.
500 ## - Общи забележки
Забележка Загл. на кор.: Сам със себе си ...
659 ## - Тематичен бюлетин
Тематичен бюлетин Н
852 ## - Местоположение
Форматна сигнатура Цб 259596
852 ## - Местоположение
Форматна сигнатура К 821.163.2/Т 84 Т
856 4# - Електронен адрес и достъп
Електронен формат pdf - файл
856 4# - Електронен адрес и достъп
Електронен формат pdf - файл
999 ## - СИСТЕМНИ КОНТРОЛНИ НОМЕРА
Koha biblionumber 137278
Koha biblioitemnumber 137278
942 ## - АРТИКУЛИ
Вид на библиотечния материал Книги
Скрит в OPAC Не
Периодичен библиозапис Да
944 ## - СЪЗДАВАНЕ И РЕДАКЦИЯ на ЗАПИСА
Създаване/Редакция Създаване
Дата на регистрацията/редакция 29.05.2013
Статус, дата на статуса ф /
Служител, извършил регистрацията/редакцията Геновева_Генчева
944 ## - СЪЗДАВАНЕ И РЕДАКЦИЯ на ЗАПИСА
Създаване/Редакция Редакция
Дата на регистрацията/редакция 04.02.2016
Статус, дата на статуса ф /
Служител, извършил регистрацията/редакцията Геновева_Генчева
999 ## - СИСТЕМНИ КОНТРОЛНИ НОМЕРА
Koha biblioitemnumber 137278
Наличности
Код за отписване Код за изгубен артикул Източник на класификационната схема Код за повреда Коз за рестрикции Код за отдаване Артикулен № Име на библиотеката - собственик Име на библиотеката, в която се намира в момента Статус (Текущо местоположение) Дата на вписване в системата Местоположение - отдел Цена в лева Инвентарен номер Систематично азбучна сигнатура Баркод Номер на екземпляра Цена в евро Служебна бележка Служебен тип на артикула
  Не е изгубен Universal Decimal Classification Не е повреден без рестрикции ползва се в читалня 224525 Регионална библиотека "Любен Каравелов" Русе Регионална библиотека "Любен Каравелов" Русе Краезнание 2013-06-05 Краезнание 4.00 120000766540 К 821.163.2/Т 84 Т 120000766540 1 2.05 Дост: DA Вид: А N: 10 Дата: 02.06.2013 Дата инв: 15.11.2017 Бележки инв: К2017 Книги
Изтеглен Не е изгубен   Не е повреден без рестрикции заемане за дома 224526 Регионална библиотека "Любен Каравелов" Русе Регионална библиотека "Любен Каравелов" Русе Заемна - подръчен фонд 2013-06-05 Заемна - подръчен фонд 4.00 120000766541 П 886.7-8/Т 84 120000766541 2 2.05 Дост: DA Вид: А N: 10 Дата: 02.06.2013 Дата инв: 09.02.2018 Бележки инв: П2018 Книги
  Не е изгубен   Не е повреден без рестрикции ползва се в читалня 224527 Регионална библиотека "Любен Каравелов" Русе Регионална библиотека "Любен Каравелов" Русе Хранилище 2015-10-16 Хранилище 6.00 120000793807 Цб 259596 120000793807 3 3.07 Дост: Dp Вид: Д N: 36 Дата: 19.08.2015 Книги
Vip Innovations Ltd, Rousse, Bulgaria 2025